Nameless in Entertainment Quiz Stats

 Plays Quiz Updated Apr 11, 2019

Score 0/20 Timer 05:00
0 Plays Today
% Correct
The Wizard of Oz
94.8%
Robin Hood
90.8%
12 Angry Men
88.2%
Drive
82%
Curious George
81.4%
Reservoir Dogs
80.2%
Friends
78.5%
Scrubs
75.4%
The Gold Rush
75.3%
Beowulf
72.1%
% Correct
Dilbert
69.5%
The Canterbury Tales
69.3%
Game of Thrones
68.5%
Lady and the Tramp
68.1%
The Good, the Bad and the Ugly
67.6%
The X-Files
61.1%
Of Mice and Men
59.8%
Zombieland
58.9%
Lost
57.9%
Romeo and Juliet
41.8%

You're not logged in!

Compare scores with friends on all Sporcle quizzes.
OR
Log In

Sporcle TV

Today on Sporcle TV


Watch our educational content, quiz creation guides, and fun videos on Sporcle TV.

Show Comments

Extras

Top Quizzes Today


Score Distribution

Your Account Isn't Verified!

In order to create a playlist on Sporcle, you need to verify the email address you used during registration. Go to your Sporcle Settings to finish the process.

Report this User

Report this user for behavior that violates our Community Guidelines.

Details: